| Tag |
First Indicator |
Second Indicator |
Subfields |
| LEADER |
00000cam a2200000 i 4500 |
| 001 |
in00005765645 |
| 005 |
20260327163632.2 |
| 006 |
m o d |
| 007 |
cr cnu---unuuu |
| 008 |
191029s2019 xx ob 000 0 eng d |
| 040 |
|
|
|a OPELS
|b eng
|e rda
|e pn
|c OPELS
|d DKU
|d UKMGB
|d OCLCF
|d UKAHL
|d OCLCQ
|d OCLCO
|d OCLCQ
|d OCLCO
|d OCLCL
|d SFB
|
| 015 |
|
|
|a GBB9H7267
|2 bnb
|
| 016 |
7 |
|
|a 019590852
|2 Uk
|
| 019 |
|
|
|a 1126316628
|
| 020 |
|
|
|a 9780128177150
|q (ePub ebook)
|
| 020 |
|
|
|a 0128177152
|
| 020 |
|
|
|z 9780128177143
|q (print)
|
| 035 |
|
|
|a (OCoLC)1125247301
|z (OCoLC)1126316628
|
| 037 |
|
|
|a 9780128177150
|b Ingram Content Group
|
| 050 |
|
4 |
|a QR41.2
|
| 082 |
0 |
4 |
|a 579
|2 23
|
| 049 |
|
|
|a TXAM
|
| 245 |
0 |
0 |
|a Advances in microbial physiology.
|n Volume 75 /
|c edited by Robert K. Poole.
|
| 264 |
|
1 |
|a [Place of publication not identified] :
|b Academic Press,
|c 2019.
|
| 300 |
|
|
|a 1 online resource
|
| 336 |
|
|
|a text
|b txt
|2 rdacontent
|
| 337 |
|
|
|a computer
|b c
|2 rdamedia
|
| 338 |
|
|
|a online resource
|b cr
|2 rdacarrier
|
| 490 |
0 |
|
|a Advances in microbial physiology ;
|v volume 75
|
| 588 |
0 |
|
|a Title details screen.
|
| 504 |
|
|
|a Includes bibliographical references.
|
| 505 |
8 |
0 |
|g 1.
|t New insights into the molecular physiology of sulfoxide reduction in bacteria /
|r Ulrike Kappler, Marufa Nasreen, Alastair McEwan --
|g 2.
|t Escherichia coli DosC and DosP: a role of c-di-GMP in compartmentalized sensing by degradosomes /
|r Marie-Alda Gilles-Gonzalez, Eduardo H.S. Sousa --
|g 3.
|t A brief survey of the "cytochromome" /
|r Catarina M. Paquete, Giovanni Rusconi, Ana V. Silva, Ricardo Soares, Ricardo O. Louro --
|g 4.
|t Bacterial nitrous oxide respiration: electron transport chains and copper transfer reactions /
|r Sascha Hein, Jörg Simon --
|g 5.
|t Multiple degrees of separation in the central pathways of the catabolism of aromatic compounds in fungi belonging to the Dikarya sub-Kingdom /
|r Tiago M. Martins, Celso Martins, Cristina Silva Pereira --
|g 6.
|t Dissimilatory reduction of sulfate and zero-valent sulfur at low pH and its significance for bioremediation and metal recovery /
|r D. Barrie Johnson, Irene Sánchez-Andrea --
|g 7.
|t The functional diversity of the prokaryotic sulfur carrier protein TusA /
|r Tomohisa Sebastian Tanabe, Silke Leimkühler, Christiane Dahl --
|g 8.
|t Roles and regulation of Spx family transcription factors in Bacillus subtilis and related species /
|r Daniel F. Rojas-Tapias, John D. Helmann --
|g 9.
|t Oxygen regulatory mechanisms of nitrogen fixation in rhizobia /
|r Paul J. Rutten, Philip S. Poole.
|
| 520 |
|
|
|a Advances in Microbial Physiology, Volume 75, the latest release in this ongoing series, continues the long tradition of topical, important, cutting-edge reviews in microbiology. The book contains updates in the field, with comprehensive chapters covering, Sulfoxides in bacterial systems, RNA degradosomes and control by signals including c-di-GMP, Protein nanowires: biological function and synthetic constructs for 'Green' electronics, Bacterial nitrous oxide respiration: electron transport chains and copper transfer reactions, Multiple degrees of separation in the central pathways of the catabolism of aromatic compounds in Dikarya fungi, and more.- Contains contributions from leading authorities in microbial physiology- Informs and updates on all the latest developments in the field of microbial physiology.
|
| 650 |
|
0 |
|a Microbiology.
|
| 650 |
|
2 |
|a Microbiology
|
| 650 |
|
6 |
|a Microbiologie.
|
| 650 |
|
7 |
|a microbiology.
|2 aat
|
| 650 |
|
7 |
|a Microbiology
|2 fast
|
| 655 |
|
7 |
|a Electronic books.
|2 local
|
| 700 |
1 |
|
|a Poole, Robert K.,
|e editor.
|
| 710 |
2 |
|
|a ScienceDirect (Online service)
|
| 758 |
|
|
|i has work:
|a Volume 75 Advances in microbial physiology (Text)
|1 https://id.oclc.org/worldcat/entity/E39PCH7J6Hj9X7PGcgKCFQ4T9C
|4 https://id.oclc.org/worldcat/ontology/hasWork
|
| 776 |
0 |
8 |
|i Print version :
|z 9780128177143
|
| 856 |
4 |
0 |
|u http://proxy.library.tamu.edu/login?url=https://www.sciencedirect.com/science/bookseries/00652911/75
|z Connect to the full text of this electronic book
|t 0
|
| 955 |
|
|
|a Elsevier ScienceDirect 2026-2027
|
| 994 |
|
|
|a 92
|b TXA
|
| 999 |
f |
f |
|i 80aee544-589c-473e-8e67-f27c2e5989b2
|s 81409c0b-edbb-4322-929c-fd8ac0f7a2a0
|t 0
|
| 952 |
f |
f |
|a Texas A&M University
|b College Station
|c Electronic Resources
|s www_evans
|d Available Online
|t 0
|e QR41.2
|h Library of Congress classification
|
| 998 |
f |
f |
|a QR41.2
|t 0
|l Available Online
|